| 000 | 00453 a2200109 4500 | ||
|---|---|---|---|
| 001 | ART_7859 | ||
| 005 | 20260410161638.0 | ||
| 008 | 260409a | ||
| 245 | 1 | 0 | _aAspectos atinentes a la facturación en el comercio exterior. Requisitos en el caso de mercadería importada y tipo de factura para la llamada "exportación de servicios" |
| 100 | 1 | _aLorenzo, Armando | |
| 773 | 0 |
_tConsultor tributario _g- Vol. 2, Nº 15 (may. 2008) _wREV474 |
|
| 999 |
_c13080 _d13080 |
||